00240nam a2200097Ia 4500008004100000100002000041245004000061260001700101942000700118999001700125190216s9999||||xx |||||||||||||| ||und|| aMahathma Gandhi 0aMalayalam-Thathwachindayum Mathavum bKerala Shaka cBK c30330d30330